[Event "Wch Blitz (Women)"]
[Site "Riadh"]
[Date "2017.12.29"]
[Round "11"]
[White "Batchimeg, Tuvshintugs"]
[Black "Cyfka, Karina"]
[Result "1-0"]
[WhiteElo "2398"]
[BlackElo "2419"]
[PlyCount "183"]
[EventDate "2017.12.29"]
[EventType "swiss (blitz)"]
[EventRounds "21"]
[EventCountry "SAU"]
[SourceTitle "CBM 182 Extra"]
[Source "ChessBase"]
[SourceDate "2018.02.23"]
[SourceVersion "1"]
[SourceVersionDate "2018.02.23"]
[SourceQuality "1"]

1. d4 Nf6 2. c4 e6 3. Nc3 Bb4 4. f3 c5 5. d5 d6 6. e4 0-0 7. Bd3 b5 8. Bg5 exd5 9. exd5 bxc4 10. Bxc4 Bf5 11. Nge2 Nbd7 12. Bd3 Bxd3 13. Qxd3 Ne5 14. Qc2 h6 15. Bh4 Ng6 16. Bf2 Nxd5 17. 0-0 Nf6 18. Rad1 Ne5 19. a3 Bxc3 20. Nxc3 c4 21. Rd4 Qe7 22. Re1 Qb7 23. Rxd6 Nd3 24. Rb1 Nxf2 25. Qxf2 Rad8 26. Rbd1 Rxd6 27. Rxd6 Re8 28. Rd2 a6 29. g3 Nh7 30. h4 Nf8 31. Re2 Ne6 32. Kg2 Rd8 33. Rd2 Rb8 34. Qe2 Re8 35. Qxc4 Rc8 36. Qe4 Qb6 37. Nd5 Qa7 38. Rc2 Rd8 39. Ne3 Qd7 40. Nc4 Qd1 41. Qe2 Qb1 42. Rd2 Rc8 43. Nd6 Rf8 44. Ne4 Qc1 45. Rd1 Qc6 46. Rd2 Qc1 47. Rc2 Qb1 48. Nc3 Qa1 49. Qd2 Rb8 50. Ne4 Qa2 51. Nc3 Qb3 52. Qd3 Nc5 53. Qf5 Ne6 54. Rd2 Rf8 55. Qe5 Qb7 56. Qe4 Qb3 57. Qd5 Qb6 58. Qe4 Qb3 59. Qe3 Rc8 60. Nd5 Qxe3 61. Nxe3 Rb8 62. b4 Rc8 63. Rc2 Rd8 64. Kf2 Rd3 65. Nc4 Rb3 66. Rd2 Rc3 67. Ne5 Rxa3 68. Rd7 Ra2+ 69. Ke3 Ra3+ 70. Ke4 Rb3 71. Ra7 Rxb4+ 72. Ke3 Ra4 73. Nxf7 Ra3+ 74. Kf2 Ra2+ 75. Ke3 Ra3+ 76. Kf2 Nd4 77. f4 a5 78. Ne5 Kf8 79. Ng6+ Ke8 80. Rxg7 a4 81. Ra7 Ra1 82. Ke3 Nf5+ 83. Kf3 a3 84. Ne5 a2 85. Kg4 Ne3+ 86. Kh5 Nd5 87. Kg6 Nb4 88. f5 Re1 89. f6 Rxe5 90. f7+ Kf8 91. Ra8+ Ke7 92. f8Q+ 1-0

[Event "Wch Blitz (Women)"]
[Site "Riadh"]
[Date "2017.12.29"]
[Round "8"]
[White "Batchimeg, Tuvshintugs"]
[Black "Zhukova, Natalia"]
[Result "0-1"]
[WhiteElo "2398"]
[BlackElo "2444"]
[PlyCount "120"]
[EventDate "2017.12.29"]
[EventType "swiss (blitz)"]
[EventRounds "21"]
[EventCountry "SAU"]
[SourceTitle "CBM 182 Extra"]
[Source "ChessBase"]
[SourceDate "2018.02.23"]
[SourceVersion "1"]
[SourceVersionDate "2018.02.23"]
[SourceQuality "1"]

1. d4 Nf6 2. c4 c5 3. d5 b5 4. cxb5 a6 5. b6 d6 6. Nc3 Nbd7 7. e4 Rb8 8. a4 Rxb6 9. Nf3 g6 10. Bc4 Bg7 11. 0-0 0-0 12. h3 Ne8 13. Qd3 Nc7 14. a5 Rb4 15. b3 Nb5 16. Bd2 Nd4 17. Nxd4 cxd4 18. Na4 Ne5 19. Qe2 d3 20. Qd1 Rb8 21. Rb1 f5 22. exf5 Bxf5 23. Nb6 Qc7 24. Be3 Be4 25. f3 Bf5 26. Qd2 Qd8 27. g4 Bd7 28. f4 Nxc4 29. bxc4 e6 30. Qxd3 e5 31. Kg2 Qe7 32. Rbe1 e4 33. Qc2 Rbe8 34. c5 Qf7 35. c6 Bc8 36. Rf2 h5 37. g5 Qf5 38. Rh1 h4 39. Nxc8 Rxc8 40. Qd2 Rb8 41. Bb6 Rfc8 42. Rd1 Re8 43. Qe3 Rbc8 44. Rfd2 Rf8 45. Rf2 Rf7 46. c7 Kh7 47. Qd2 Re7 48. Qe3 Rf7 49. Rdd2 Re7 50. Bd4 Rexc7 51. Bxg7 Kxg7 52. Qd4+ Kh7 53. Rde2 Rc3 54. Re3 R3c4 55. Qa7+ R8c7 56. Qb6 Qxd5 57. f5 gxf5 58. Qb8 f4 59. g6+ Kg7 60. Rxf4 Qg5+ 0-1